100 Most Popular Baby Girl Names Starting with E in the UK, 2021 - Statistics

General Stats
  • This quiz has been taken 443 times
  • The average score is 41 of 100
Answer Stats
Name % Correct
Ella
97%
Emma
97%
Elle
96%
Ellie
95%
Eva
95%
Eve
94%
Emilie
92%
Emily
92%
Ellen
89%
Evelyn
87%
Elia
86%
Eliza
86%
Evie
86%
Elizabeth
85%
Eleanor
83%
Erin
83%
Elin
81%
Esther
77%
Edith
76%
Elsie
71%
Esme
70%
Ela
69%
Emilia
68%
Eden
67%
Eadie
65%
Elena
65%
Elise
64%
Elsa
64%
Elouise
63%
Emmie
63%
Emmy
63%
Edie
62%
Elissa
62%
Eloise
61%
Erica
58%
Elisa
55%
Ebony
54%
Elliana
53%
Evangeline
52%
Eliana
49%
Etta
48%
Effie
47%
Effy
47%
Eileen
47%
Everly
42%
Elodie
40%
Ema
38%
Elina
37%
Ellis
37%
Ember
37%
Emmeline
36%
Enya
33%
Essie
33%
Enid
32%
Estelle
32%
Ezra
30%
Esmeralda
26%
Ettie
26%
Elisabeth
25%
Ella-Rose
25%
Elaina
24%
Erika
23%
Evelina
22%
Elspeth
21%
Emelia
20%
Elora
19%
Elinor
16%
Ella-Mae
16%
Ellie-Mae
15%
Eveline
13%
Evie-Rose
13%
Elara
12%
Esmae
12%
Esmee
12%
Emaan
11%
Evie-Mae
11%
Eira
10%
Everleigh
10%
Eilidh
9%
Elsie-Mae
9%
Elsie-Rose
9%
Eleni
8%
Evalyn
8%
Elowen
7%
Elsie-May
7%
Enola
7%
Everley
7%
Everlyn
7%
Elif
5%
Eryn
5%
Eabha
3%
Efa
3%
Eleri
3%
Eshaal
3%
Esme-Rose
3%
Elysia
2%
Eshal
2%
Esra
2%
Eiliyah
0%
Elyza
0%
No matching quizzes found
Score Distribution
Percent of People with Each Score
Percentile by Number Answered
Your Score History
You have not taken this quiz